Etnografías contemporáneas III (Registro nro. 17713)

Detalles MARC
000 -LDR (LÍDER)
Campo de control de longitud fija 01971nam a2200361 a 4500
003 - IDENTIFICADOR DEL NÚMERO DE CONTROL
Campo de control CO-PeBPR
005 - FECHA Y HORA DE LA ÚLTIMA TRANSACCIÓN
Campo de control 20260417091107.0
008 - ELEMENTOS DE DATOS DE LONGITUD FIJA--INFORMACIÓN GENERAL
Campo de control de longitud fija 260415e2016 ck a|||| n||| 00| 0 spa c
020 ## - Código Internacional normalizado para libros
Código Internacional normalizado para libros 9789587758290
040 0# - FUENTE DE CATALOGACIÓN
Agencia catalogadora original CO-PeBPR
Idioma de la agencia catalogadora spa
Agencia que transcribe CO-PeBPR
Norma para la descripción rda
041 0# - Código del Idioma
Código idioma del recurso original spa
082 04 - NÚMERO DE CLASIFICACIÓN DECIMAL DEWEY
Número de clasificación 306 E84e
245 10 - MENCIÓN DE TÍTULO
Título propiamente dicho Etnografías contemporáneas III
Subtítulo o título paralelo : Las narrativas en la investigación antropológica
Mención de responsabilidad / editado por Myriam Jimeno, Carolina Pabón, Daniel Varela e Ingrid Díaz
250 ## - MENCIÓN DE EDICIÓN
Mención de edición Primera edición
264 ## - Área de la Producción Publicación, Distribución, Manufactura, etc.
Lugar de publicación, distribución, etc. Bogotá, Colombia
Nombre de la editorial, distribuidor, etc. : Universidad Nacional de Colombia
Fecha de publicación, distribución, etc. , 2016
300 ## - DESCRIPCIÓN FÍSICA
Extensión 396 páginas
Otros detalles físicos : ilustraciones (algunas a color), fotografía, mapas
Dimensiones ; 24 centímetros
336 ## - Tipo de Contenido
Tipo de contenido texto
Código de tipo de contenido txt
Fuente rdacontenido
337 ## - Tipo de Medio
Tipo de Medio sin mediación
Código de tipo de medio n
Fuente rdamedio
338 ## - Tipo de Soporte
Tipo de soporte volumen
Código de tipo de soporte nc
Fuente rdasoporte
490 ## - MENCIÓN DE SERIE
Título de la serie Colección CES
500 ## - NOTA GENERAL
Nota general Incluye índice
520 ## - NOTA DE RESUMEN, ETC.
Nota de sumario Esta compilación discute el uso de la narrativa en la investigación antropológica. Incluye una introducción general sobre la narrativa como enfoque, y otra referida a la narrativa en la historia del pensamiento antropológico. El libro se divide en tres: Las narrativas en la construcción de identidades colectivas, las narrativas hegemónicas y las narrativas contra hegemónicas y de resistencia. En la primera parte, se enfatiza la función identitaria. En las otras dos partes se hace más evidente que esta función nunca está exenta de contradicciones y que los intentos de cohesión esconden una tensión contra lo hegemónico y lo contra hegemónico.
650 14 - ASIENTO SECUNDARIO DE MATERIA - TÉRMINO TEMÁTICO
Fuente del encabezado o término LEMB
Encabezamiento temático Antropología cultural y social
650 14 - ASIENTO SECUNDARIO DE MATERIA - TÉRMINO TEMÁTICO
Fuente del encabezado o término LEMB
Encabezamiento temático Identidad colectiva
Subdivisión geográfica Colombia
650 14 - ASIENTO SECUNDARIO DE MATERIA - TÉRMINO TEMÁTICO
Fuente del encabezado o término LEMB
Encabezamiento temático Etnicidad
650 14 - ASIENTO SECUNDARIO DE MATERIA - TÉRMINO TEMÁTICO
Fuente del encabezado o término LEMB
Encabezamiento temático Violencia en la cultura popular
Subdivisión geográfica Colombia
650 14 - ASIENTO SECUNDARIO DE MATERIA - TÉRMINO TEMÁTICO
Fuente del encabezado o término LEMB
Encabezamiento temático Sociología de la cultura
700 1# - ASIENTO SECUNDARIO - NOMBRE PERSONAL
Nombre personal Jimeno, Myriam
Término de relación, rol en la obra editora
700 1# - ASIENTO SECUNDARIO - NOMBRE PERSONAL
Nombre personal Pabón, Carolina
Término de relación, rol en la obra editora
700 1# - ASIENTO SECUNDARIO - NOMBRE PERSONAL
Nombre personal Varela, Daniel
Término de relación, rol en la obra editor
700 1# - ASIENTO SECUNDARIO - NOMBRE PERSONAL
Nombre personal Díaz, Ingrid
Término de relación, rol en la obra editora
942 ## - ENTRADA DE ELEMENTOS AGREGADOS (KOHA
Fuente de clasificación o esquema de estantería. Dewey Decimal Classification
Tipo de ítem Libro
Existencias
Estado de pérdida Fuente del sistema de clasificación o colocación Estado de daño No disponible para préstamo Colección Biblioteca de origen Biblioteca actual Ubicación en estantería Signatura topográfica completa Ejemplar Código de barras Tipo de ítem Fecha de adquisición Fuente de adquisición Total de pagos Fecha de la última vez visto
  Dewey Decimal Classification     General Biblioteca Pública Departamental Comfamiliar Risaralda Biblioteca Pública Departamental Comfamiliar Risaralda Área General 306 E84e Ej.1 RIBPD15346 Libro 17/04/2026 Dotación MinCultura y BNC   17/04/2026